000 00631nam a2200193 i 4500
001 124150
003 ES-MaACL
005 20251013212157.0
007 t|
008 070214s1915 fr r ||||1| fre d
100 1 _aRappoport, Charles.
_995471
245 1 0 _aJean Jaurés
_b: l'homme, le penseur, le socialiste /
_cCharles Rappoport ; avec une préface d'Anatole France.
260 _aParis :
_bL'Emancipatrice,
_c1915.
300 _aVIII, 434 p. ;
_c21 cm.
600 1 4 _aJaurès, Jean,
_d1859-1914
_966196
700 1 _aFrance, Anatole,
_d1844-1924
_9240108
852 _aES-MaACL
_jD-2875
999 _c124150
_d124150